Demarcación y control de tierras indígenas en Cetro América y Brasil: lecciones aprendidas /
El gobierno de Hugo Cháves en Venzuela combina rasgos tanto del populismo histórico como de un populismo de generación reciente que algunos sociólogos denominan "neopopulismo". La novedad está en que, a diferencia de los viejos populismo, Cháves ha probado ser muy afecto al militarismo. Al...
Gespeichert in:
| 1. Verfasser: | |
|---|---|
| Format: | Text |
| Schlagworte: | |
| Tags: |
Tag hinzufügen
Keine Tags, Fügen Sie den ersten Tag hinzu!
|
MARC
| LEADER | 00000 a a2200000 04500 | ||
|---|---|---|---|
| 001 | 18875 | ||
| 003 | |||
| 040 | |||
| 100 | |a Grünberg, Georg | ||
| 245 | |a Demarcación y control de tierras indígenas en Cetro América y Brasil: |b lecciones aprendidas / |c Georg Grünberg | ||
| 500 | |a Resumen también en inglés 3 | ||
| 520 | |a El gobierno de Hugo Cháves en Venzuela combina rasgos tanto del populismo histórico como de un populismo de generación reciente que algunos sociólogos denominan "neopopulismo". La novedad está en que, a diferencia de los viejos populismo, Cháves ha probado ser muy afecto al militarismo. Al igual que otros movimientos de este corte, el gobierno chavista mantiene una relación ambigua con las instituciones democráticas y un acentuado inmediatismo que mina la institucionalidad y la democracia misma. Allí pueden ubicarse las razones que explicarían el deslizamiento de los populismo delegativos hacia formas autoritarias propensas a reproducir esquemas totalitarios de gobierno | ||
| 650 | |a SISTEMAS POLITICOS | ||
| 650 | |a VENEZUELA | ||
| 650 | |a LIDERAZGO POLITICO | ||
| 773 | |g número 37; páginas 27-38 | ||
| 999 | |c 39557 |d 39557 | ||
